| 000 | 00425 a2200121 4500 | ||
|---|---|---|---|
| 001 | ART_41807 | ||
| 005 | 20260410161814.0 | ||
| 008 | 260409a | ||
| 245 | 1 | 0 | _aLos nuevos abogados: una lectura de las representaciones institucionales desde los discursos de colación de grados |
| 100 | 1 | _aCardinaux, Nancy | |
| 700 | 1 | _aZacari, Malvina | |
| 773 | 0 |
_tAcademia _g- Año 10, Nº 20 (jul./dic.2012) _wREV4314 |
|
| 999 |
_c21726 _d21726 |
||